Import substitution industrialisation strategy and infant industries performance in Malaysia /
Saved in:
| Main Author: | |
|---|---|
| Format: | Thesis |
| Language: | English |
| Published: |
Norwich, England :
University of East Anglia,
1994
|
| Subjects: | |
| Tags: |
Add Tag
No Tags, Be the first to tag this record!
|
| LEADER | 012600000a22003250004500 | ||
|---|---|---|---|
| 001 | 126165 | ||
| 005 | 20070614233900.0 | ||
| 008 | 960705s1994 enk g 000 0 eng d | ||
| 035 | |a 438376 | ||
| 035 | |a (Sirsi) 126165 | ||
| 040 | |a UIAM |b eng |e rda | ||
| 043 | |a a-my--- | ||
| 049 | |b m | ||
| 050 | 0 | |a HD3616.A43 | |
| 100 | 0 | |a Rokiah Alavi, |d 1963- |e author | |
| 245 | 1 | 0 | |a Import substitution industrialisation strategy and infant industries performance in Malaysia / |c Rokiah Alavi |
| 264 | 1 | |a Norwich, England : |b University of East Anglia, |c 1994 | |
| 300 | |a 354 pages ; |b 29 cm. | ||
| 336 | |2 rdacontent |a text | ||
| 337 | |2 rdamedia |a unmediated | ||
| 338 | |2 rdacarrier |a volume | ||
| 502 | |a Thesis (Ph. D.)--University of East Anglia, 1994. | ||
| 596 | |a 1 | ||
| 650 | 0 | |a Industry and state |z Malaysia | |
| 650 | 0 | |a Import substitution |z Malaysia | |
| 655 | 0 | 7 | |a Theses, IIUM foreign |
| 900 | |a sa | ||
| 999 | |c 430902 |d 462393 | ||
| 952 | |0 0 |6 LU T HD 3614 M43 R742I 1994 |7 0 |8 THESES |9 750436 |a IIUM |b IIUM |c CLOSEACCES |g 0.00 |o lu t HD 3614 M43 R742I 1994 |p 00000438381 |r 2017-10-25 |t 1 |v 0.00 |y THESIS | ||
| 952 | |0 0 |6 T HD 3614 M43 R742I 1994 |7 0 |8 THESES |9 750437 |a IIUM |b IIUM |c MULTIMEDIA |g 0.00 |o t HD 3614 M43 R742I 1994 |p 00010981507 |r 2017-10-19 |t 1 |v 0.00 |y THESIS | ||
